Study on the ecological benefits of the rubber-tea-chicken agroforestry system in the tropical region of China (Record no. 69858)

MARC details
000 -LEADER
fixed length control field 00886nam a2200205Ia 4500
100 ## - MAIN ENTRY--AUTHOR NAME
Personal name Yan Meng Qing
245 #0 - TITLE STATEMENT
Title Study on the ecological benefits of the rubber-tea-chicken agroforestry system in the tropical region of China
260 ## - PUBLICATION, DISTRIBUTION, ETC. (IMPRINT)
Name of publisher Acta Agriculturae Zhejiangensis
Year of publication 1999
300 ## - PHYSICAL DESCRIPTION
Number of Pages 193-195
500 ## - GENERAL NOTE
General note Source Year: 2000
520 ## - SUMMARY, ETC.
Summary, etc A study in Wenchang, Hainan, China, showed that compared with monocropping and intercropping rubber [Hevea brasiliensis], a rubber-tea [Camellia sinensis]- chicken agroforestry system improved soil physical structure and fertility, which increased the yield of rubber and tea and the quality of the chicken.
650 ## - SUBJECT ADDED ENTRY--TOPICAL TERM
Topical Term Agroforestry
650 ## - SUBJECT ADDED ENTRY--TOPICAL TERM
Topical Term Rubber-tea-chicken
700 ## - ADDED ENTRY--PERSONAL NAME
Personal name LiJiao Yan
700 ## - ADDED ENTRY--PERSONAL NAME
Personal name XuJun Ye
700 ## - ADDED ENTRY--PERSONAL NAME
Personal name ZhaoQian Wang
856 ## - ELECTRONIC LOCATION AND ACCESS
Uniform Resource Identifier HOA
942 ## - ADDED ENTRY ELEMENTS (KOHA)
Koha item type Journals
Holdings
Withdrawn status Lost status Damaged status Not for loan Home library Current library Shelving location Date acquired Serial Enumeration / chronology Koha item type
      Journals RRII Library RRII Library Soils and agonomy 17/12/2021 Volume 11, Issue 4 Journals